Tea crop cultivation / (Record no. 28334)
[ view plain ]
| 000 -LEADER | |
|---|---|
| fixed length control field | 00815nam a22002174a 4500 |
| 005 - DATE AND TIME OF LATEST TRANSACTION | |
| control field | 2009071603253.0 |
| 008 - FIXED-LENGTH DATA ELEMENTS--GENERAL INFORMATION | |
| fixed length control field | 081114s2009 ii a 000 0 eng |
| 010 ## - LCCN (DPL NO) | |
| LC control number | ENG-94443 |
| 020 ## - INTERNATIONAL STANDARD BOOK NUMBER | |
| International Standard Book Number | 9789380015125 |
| Terms of availability | 110.00 |
| 035 ## - SYSTEM CONTROL NUMBER | |
| System control number | EN-77976 |
| 037 ## - SOURCE OF ACQUISITION | |
| Source of stock number/acquisition | DBAD / PUB |
| 040 ## - CATALOGING SOURCE | |
| Original cataloging agency | dpl |
| Language of cataloging | English |
| 082 ## - DEWEY DECIMAL CLASSIFICATION NUMBER | |
| Classification number | 633.72 |
| 100 ## - MAIN ENTRY--PERSONAL NAME | |
| Personal name | Bala Krishnan, R. |
| 245 ## - TITLE STATEMENT | |
| Title | Tea crop cultivation / |
| Statement of responsibility, etc | by R. Bala Krishnan |
| 260 ## - PUBLICATION, DISTRIBUTION, ETC. (IMPRINT) | |
| Place of publication, distribution, etc | TamilNadu |
| Name of publisher, distributor, etc | Annamalaiyar Educational Publication |
| Date of publication, distribution, etc | 2008 |
| 270 ## - ADDRESS | |
| Address | 8/305, Thulasinga Nagar, Valparai Post |
| City | Tamilnadu |
| Postal code | 642127 |
| 300 ## - PHYSICAL DESCRIPTION | |
| Extent | 96p. |
| Dimensions | 25cm(pbk) |
| 942 ## - ADDED ENTRY ELEMENTS (KOHA) | |
| Source of classification or shelving scheme | Dewey Decimal Classification |
| Item type | English Books |
| Call number suffix | BAL |
| Classification part | 633.72 |
| Withdrawn status | Lost status | Source of classification or shelving scheme | Damaged status | Not for loan | Collection code | Home library | Current library | Date acquired | Source of acquisition | Cost, normal purchase price | Total Checkouts | Full call number | Barcode | Date last seen | Copy number | Cost, replacement price | Koha item type |
|---|---|---|---|---|---|---|---|---|---|---|---|---|---|---|---|---|---|
| Dewey Decimal Classification | Not For Loan | Non-fiction | D.B.Act.Division | D.B.Act.Division | 16/07/2009 | DBAD / PUB | 110.00 | 633.72 BAL | EN-77976 | 16/07/2009 | 1 | 110.00 | English Books |
